Statistiche per Classifica Marcatori Mondiali di Calcio 1986

Clicka qui per fare il quiz!

Statistiche generali

  • Questo quiz è stato fatto 8 volte
  • Il punteggio medio è 4 su 12

Statistiche sulle risposte

GolNazioneCalciatore% Corretto
5ArgentinaDiego Armando Maradona
100%
4ItaliaAlessandro Altobelli
57%
5BrasileCareca
57%
6InghilterraGary Lineker
57%
4Unione SovieticaIgor Belanov
43%
3Germania OvestRudi Völler
43%
5SpagnaEmilio Butragueño
29%
4ArgentinaJorge Valdano
14%
3BelgioJan Ceulemans
0%
3DanimarcaJasper Olsen
0%
3BelgioNico Claesen
0%
4DanimarcaPreben Elkjær Larsen
0%

Distribuzione punteggi

Percentile per numero di risposta

Percentuale di utenti per punteggio

I tuoi punteggi nel tempo

Non hai fatto questo quiz